00771nam a2200229Ia 4500003000400000005001700004008004100021040001800062041000800080082002200088100002600110245004400136250001200180260004600192300002800238650002900266650004000295650003400335942002900369999001900398952012400417OSt20220218152519.0210716s2010 xx 000 0 und d cAIMIT LIBRARY aeng a519.5 22ndbBAJN aBajpai, Naval.921062 aBusiness statistics /cBy Naval Bajpai. a2nd ed. aNew Delhi :bDorling Kindersley ,c2010. axxxi,800 p. ;c27.5 cm. aCharts and graphs921063 aMeasures of central tendency921064 aMeasures of dispersion921065 2ddccBKe2ndk519.5 BAJN c209621d209621 001040708MBAaAIMITbAIMITd2016-02-16g650.00l0o519.5 BAJNpMBA12187r2026-05-23 00:00:00v520.00w2021-07-16yBK